春天到 / (Record no. 10089)

MARC details
000 -LEADER
fixed length control field 00764nam a22001817a 4500
001 - CONTROL NUMBER
control field 10089
003 - CONTROL NUMBER IDENTIFIER
control field FISKH
005 - DATE AND TIME OF LATEST TRANSACTION
control field 20260407114351.0
008 - FIXED-LENGTH DATA ELEMENTS--GENERAL INFORMATION
fixed length control field 260407b cb ||||| |||| 00| 0 eng d
040 ## - CATALOGING SOURCE
Original cataloging agency FISKH
Language of cataloging chi
Transcribing agency FISKH
Modifying agency FISKH
082 ## - DEWEY DECIMAL CLASSIFICATION NUMBER
Classification number 495.1
100 ## - MAIN ENTRY--PERSONAL NAME
Personal name (孙蓓)
245 ## - TITLE STATEMENT
Title 春天到 /
Statement of responsibility, etc. By 孙蓓
300 ## - PHYSICAL DESCRIPTION
Extent 20 pages :
Other physical details color illustrations ;
Dimensions 21 cm .
520 ## - SUMMARY, ETC.
Summary, etc. 《春天到》是一本面向小学二年级学生的汉语分级读物。故事通过生动的画面和简单的语言,描绘了春天来临时大自然的变化,如花开、树绿、小动物活动等。<br/><br/>本书帮助学生认识与春天相关的词汇和句子,提高阅读能力,同时感受春天的美丽与生机。
942 ## - ADDED ENTRY ELEMENTS (KOHA)
Source of classification or shelving scheme Dewey Decimal Classification
Koha item type Chinese Book
Suppress in OPAC No
Holdings
Withdrawn status Lost status Source of classification or shelving scheme Damaged status Not for loan Collection Home library Current library Shelving location Date acquired Total Checkouts Full call number Barcode Date last seen Price effective from Koha item type
    Dewey Decimal Classification     Reference Footprints International School Library Network Toul Tom Poung Campus Footprints International School Library Network Toul Tom Poung Campus Librarian's Shelf TTP 04/07/2026   孙蓓 495.1 2026-0461 04/07/2026 04/07/2026 Chinese Book